Statistics for 2014 FIFA World Cup Results

Click here to take the quiz!

General Stats

  • This quiz has been taken 10,202 times
    (10,149 since last reset)
  • The average score is 25 of 32

Answers on the Map

Answers color-coded by a green-red scale on the quiz's map according to % correct below.
 

Answer Stats

Nation% Correct
Brazil
99%
Argentina
98%
Germany
98%
Netherlands
92%
Spain
92%
England
90%
France
90%
Italy
89%
Portugal
88%
United States
87%
Uruguay
86%
Japan
85%
Mexico
85%
Colombia
84%
Belgium
83%
Australia
80%
Chile
80%
Costa Rica
79%
South Korea
77%
Croatia
75%
Nigeria
74%
Ghana
72%
Russia
72%
Switzerland
72%
Iran
68%
Cameroon
67%
Algeria
66%
Greece
62%
Ivory Coast
51%
Bosnia & Herzegovina
50%
Ecuador
50%
Honduras
50%

Score Distribution

Percentile by Number Answered

Percent of People with Each Score

Your Score History

You have not taken this quiz since the last reset